Statistics for Song Title Vocabulary

Click here to take the quiz!

General Stats

  • This quiz has been taken 46,122 times
  • The average score is 12 of 20

Answer Stats

Musical ActDefinitionSong% Correct
BeyoncéLuminous ring around an angel's headHalo
95%
Lady GagaPeople who photograph celebritiesPaparazzi
95%
Michael JacksonA suspenseful movieThriller
93%
Bruno MarsSmall explosive device designed for throwingGrenade
91%
Gnarls BarkleyInsaneCrazy
84%
Avril LavigneNot simpleComplicated
80%
CreamPlaces where two roads intersectCrossroads
63%
Fleetwood MacNatural disaster caused by erosionLandslide
58%
MadonnaThe prevailing fashion or styleVogue
57%
Isaac HayesWhat an elevator moves withinShaft
56%
RadioheadTo move slowly and stealthilyCreep
54%
Nicki MinajSpace-faring vehiclesStarships
53%
Alanis MorissetteHaving a contextual meaning opposite of the literal meaningIronic
50%
Olivia Newton-JohnPertaining to the bodyPhysical
50%
Stevie WonderBelief that is not based on reason or scienceSuperstition
46%
Carole KingDecorative cloth usually hung on a wallTapestry
46%
HeartLong, silver, sharp-toothed fishBarracuda
44%
Black SabbathShowing severe and irrational distrust and suspicionParanoid
39%
Rodgers & HammersteinWhite, alpine flowerEdelweiss
31%
Duran DuranInfamousNotorious
21%

Score Distribution

Percentile by Number Answered

Percent of People with Each Score

Your Score History

You have not taken this quiz